1581 1598 1673 1604 1182 1417 1857 1416 1259 1416 1219 1037 1514 1441 1106 1251 1071 1001 1874 1703 1725 1796 1582 1376 1712 1899 1160 1488 1502 1405 1198 1295 1506 1013 1903 1436 1837 1209 1443 1259 1379 1086 1093 1213 1504 1203 1276 1973 1795 1161 1703 1324 1829 1958 1120 1426 1375 1038 1087 1063 1871 1293 1765 1928 1251 1256 1686 1494 1115 1786 1669 1735 1724 1511 1023 1403 1842 1040 1963 1167 1056 1168 1004 1257 1113 1356 1253 1825 1863 1790 1912 1781 1890 1360 1789 1065 1951 1588 1896 BCNSPRNW ULIB Ver.6.0+V

เปลี่ยนเป็นภาษาไทย

Change to English
 แสดงรายละเอียดบรรณานุกรม
  กลับหน้าหลัก

Brief Record : Get Marc (ISO 2709) : E-mail record : QR code < ปิดหน้าต่าง
LEADER : 00000nam 2200000uu 4500
001    13399109016
003     ULIB
008    110318s2551||||th 000 0 tha d
020    9789747489064
060 04 WA275^bค125ต 2551
100 0  ประเวศ วะสี,^d2474-
245 10 ตำนานเรื่องอุบัติเหุตจากรถจักรยานยนต์ /^cโตยประเวศ วะสี... [และคนอื่นๆ]
250    พิมพ์ครั้งที่ 2
260    นนทบุรี :^bขอนแก่นการพิมพ์,^c2551
300    [ก-ข], 205 หน้า :^bภาพประกอบ ;^c30 ซม.
500    การสัมมนาระดับชาติ เรื่องอุบัติเหุตจราจร ครั้งที่ 8"ท้องถิ่น ชุมชน ถนนปลอดภัย ร่วมใจลดอุบัติเหุต" วันที่ 10-12 ตุลาคม 2550 ณ ศูนย์แสดงสินค้าและการประชุมอิมแพ็ค เมืองทองธานี อำเภอปากเกร็ด จังหวัดนนทบุรี โดยคณะทำงานสนับสนุนการดำเนินงานป้องกันและแก้ไขปัญหาอุบัติเหุตทางถนนจังหวัดนำร่อง (สอจร)
504    บรรณานุกรม
650  7 จักรยานยนต์^xอุบัติเหตุและการบาดเจ็บ
650  7 อุบัติเหตุทางถนน^xการป้องกัน
650  7 อุบัตเหุตจราจร^xการป้องกัน
653 ได ้รับการสนับสนุนงบประมาณจากสำนักกองทุนสนับสนุนการสร้างเสริมสุขภาพ สำนักงานประกันสุขภาพแห่งชาติ
710 2  สำนักกองทุนสนับสนุนการสร้างเสริมสุขภาพ.^bสำนักงานประกันสุขภาพแห่งชาติ
711 2  การสัมมนาระดับชาติเรื่องอุบัติเหตุจราจร ครั้งที่ 8"ท้องถิ่น ชุมชน ถนนปลอดภัย ร่วมใจลดอุบัติเหตุ"^n(ครั้งที่ 8 :^d2550 :^cนนทบุรี)
945    ^p0^l0^i025763
995    ศพร
999 ^a ใช้งานได้ทุกระบบ
รายการนี้ยังไม่มีแท็ก
คุณยังไม่ได้ล็อกอิน คุณสามารถมีกิจกรรมร่วมกับเว็บไซต์ได้ แต่ต้องล็อกอินก่อน ::
  ล็อกอิน

รายการสื่อสารสนเทศ

ลำดับที่ ประเภท เลขเรียก/บาร์โค้ด สถานที่ สถานะ
1. วิทยาศาสตร์การแพทย์ และสุขภาพ
หนังสือสำรอง
สถานะ=หนังสือสำรอง
WA275 ค125ต 2551 ฉ.1 
  Barcode: 025763
ห้องสมุดวิทยาเขตสวรรค์ประชารักษ์
►ส่วนจัดเก็บหนังสือเก่า สปร
บนชั้น
  ขอยืม

BibComment


ยังไม่เคยถูกคอมเมนท์

คอมเมนท์ทรัพยากรรายการนี้
  คอมเมนท์: ตำนานเรื่องอุบัติ..


 Copyright 2026. Bcnsprnw @Library